000 00526nmm a2200169Ia 4500
008 251105s9999||||xx |||||||||||||||||und||
020 _a9788433926203
041 _aspa
100 _aVillalobos, Juan Pablo
245 0 _aYo tuve un sueño :
_b El viaje de los niños centroamericanos a Estados Unidos
264 _a[Madrid, España] :
_bEditorial Anagrama,
_c2018
300 _a144 páginas
490 _aCrónicas
650 _aOther narratives
856 _uhttps://public.digitaliapublishing.com/a/79926
942 _cCF
999 _c81761
_d81761